000
00259nam a22001097a 4500
008
160505b xxu||||| |||| 00| 0 eng d
020
_a
0683002112
041
_a
eng
080
_a
611
245
1
0
_a
Grant's Atlas of anatomy:
_c
James E. Anderson;
942
_2
udc
_c
BK
999
_c
1800
_d
1800